Представление документа в формате RUSMARC

ПолеНазваниеЗначение
  Тип записи a
  Библиографический уровень m
001 Контрольный номер 27ce9aea4a824ca1bf753db51d1a22a7
005 Дата корректировки 20260701100526.2
010 Индекс ISBN __
a ISBN 978-5-04-221858-3
9 Тираж 3000 экз.
100 Данные общей обработки __
a Данные общей обработки 20260701d2025 m y0rusy028902 ca
101 Язык документа 1_
a Язык текста rus
c Язык оригинала fre
102 Страна публикации __
a Страна публикации RU
105 Кодированные данные (монография) __
a Кодированные данные (монография) y z 000ay
181 Поле кодированных данных: вид содержания _0
a Код вида содержания (ISBD) i
182 Поле кодированных данных: тип средства _0
a Код типа средства (ISBD) n
200 Заглавие и сведения об ответственности 1_
a Заглавие Мемуары Дьявола
e Сведения, относящиеся к заглавию [роман]
f Первые сведения об ответственности Фредерик Сулье
g Последующие сведения об ответственности перевод с английского Евгении Трынкиной
203 Вид содержания и тип средства __
a Вид содержания Текст
c Тип средства непосредственный
210 Выходные данные 1_
a Место издания Москва
c Издательство Эксмо
d Дата издания 2025
215 Физическое описание __
a Объем 1053, [2] с.
d Формат 21 см
225 Серия 2_
a Серия Магистраль
i Наименование части Главный тренд
330 Аннотация __
a Аннотация На протяжении веков наследники баронского рода де Луицци заключают таинственный договор с Дьяволом. По его условиям, Повелитель Тьмы поступает к ним в услужение ровно на десять лет. Этот срок дан, чтобы доказать ему: подлинное счастье достижимо, а значит - родовое проклятие можно навсегда снять. Теперь очередь молодого барона Франсуа Армана. Ему предстоит вступить в эту мистическую сделку. Отныне для исполнения любых желаний достаточно лишь позвонить в серебряный колокольчик - и перед ним явится сам Дьявол. Он откроет самые потаенные секреты любого человека, выполнит любое поручение... правда, назначив за каждую услугу свою, особую плату.
333 Примечание о целевом назначении __
a Примечание о целевом назначении 16+. Для детей старше 16 лет
454 Оригинал _0
1 2001
a The Memoires du Diable
1 700 1
a Soulie
b F.
g Frederic
606 Тематические рубрики __
a Основная рубрика Художественная литература
2 Код системы nlr_sh
606 Тематические рубрики __
a Основная рубрика Литература Европы (произведения)
y Географическая подрубрика Франция
2 Код системы nlr_sh
z Хронологическая подрубрика 19 в.
610 Ключевые слова 0_
a Ключевые слова зарубежная литература
610 Ключевые слова 0_
a Ключевые слова французская литература
610 Ключевые слова 0_
a Ключевые слова тема сделки с дьяволом
610 Ключевые слова 0_
a Ключевые слова сделки с дьяволом
610 Ключевые слова 0_
a Ключевые слова тема добра и зла
610 Ключевые слова 0_
a Ключевые слова добро и зло
610 Ключевые слова 0_
a Ключевые слова готические романы
686 Индексы других классификаций __
2 Код системы rubbks
a Классификационный индекс 84(4Фра)52-4
700 Автор _1
a Фамилия Сулье
b Имя Ф.
f Даты 1800-1847
g Полное личное имя Фредерик
4 Код отношения 070
702 Вторичная интеллектуальная ответственность _1
a Фамилия Трынкина
b Имя Е. В.
g Полное личное имя Евгения Владиленовна
4 Код отношения 730
801 Источник записи _0
a Страна RU
b Организация Муниципальное бюджетное учреждение культуры "Централизованная библиотечная система" г. Сургут (Центральная городская библиотека им. А. С. Пушкина)
c Дата составления 20260701
g Правила каталогизации PSBO
801 Источник записи _1
a Страна RU
b Организация Муниципальное бюджетное учреждение культуры "Централизованная библиотечная система" г. Сургут (Центральная городская библиотека им. А. С. Пушкина)
c Дата составления 20260701
g Правила каталогизации PSBO
852 Данные о местонахождении __
j Шифр хранения 84(4Фра)52-4
i Авторский знак С 89
901 Тип документа __
a Ответственный КиК/Обаева
t Тип документа m
901 Тип документа __
a Ответственный без партии
903 Характеристики (МАРС) __
a Дата передачи 20260701
c Наименование библиотеки (МАРС) Муниципальное бюджетное учреждение культуры "Централизованная библиотечная система" г. Сургут (Центральная городская библиотека им. А. С. Пушкина)